| 000 | 00778cam a2200205 4500 | ||
|---|---|---|---|
| 001 | WB3714-22 | ||
| 008 | 000000n2001 000 0 eng u | ||
| 035 | _a(Sirsi) u111785 | ||
| 245 | _aHouse price link to good schools | ||
| 260 | _c2001 | ||
| 490 |
_aGuardian _v 3 April 2001, 7(1) |
||
| 520 | _aHouse prices in catchment areas for good schools are significantly higher than those outside, as parents are prepared to pay in order to get their children into good state schools. This is based on research done by Warwick University on house prices in Coventry.` | ||
| 590 | _aWB | ||
| 650 | _aHOUSE SALES | ||
| 650 | _aSCHOOLS | ||
| 650 | _aRESEARCH | ||
| 650 | _aCATCHMENT AREAS | ||
| 690 | _aPROPERTY-RESIDENTIAL PROPERTY-RESIDENTIAL PROPERTY MARKET | ||
| 942 | _n0 | ||
| 999 |
_c66607 _d66607 |
||